Préfectures de France : Saint-Etienne - Statistiques

Statistiques générales
  • Ce quiz a été pris 162 fois
  • Le résultat moyen est 11 sur 25
Statistiques - réponses
Question Réponse % Correct
Quel numéro porte celui-ci ? 42
99%
De quel département est-ce la préfecture ? Loire
98%
Comment se nomment ses habitants ? Stéphanois
98%
La ville appartient à l'académie de/d' Lyon
94%
A quelle région administrative appartient la ville depuis 2015 ? Auvergne-Rhône-Alpes
83%
Quelles sont les sous-préfectures qui en dépendent ? Roanne
73%
Quelles sont les sous-préfectures qui en dépendent ? Montbrison
69%
Le journal local est Le Progrès
63%
La couleur principale du fond du blason est l'/le/la Bleu
57%
Les communes limitrophes dont le nom commence par S sont Saint-Chamond
52%
La ville appartient au diocèse de/d' Saint-Etienne
48%
Les communes limitrophes dont le nom commence par S sont Saint-Priest-en-Jarez
43%
La ville sur la vallée du Furan
33%
Pendant la Révolution la ville est appelée Armeville | Commune d'Armes
32%
Les communes limitrophes dont le nom commence par S sont Saint-Genest-Lerpt
30%
Cette société, précurseur de la vente par correspondance avait son siège à Saint-Etienne Manufrance
29%
Les communes limitrophes dont le nom commence par S sont Saint-Jean-Bonnefonds
25%
La cathédrale est dédiée à St Charles
24%
Les communes limitrophes dont le nom commence par S sont Saint-Genest-Malifaux
21%
Le train est arrivé à Saint-Etienne dès 1827
14%
Quel objet est présent trois fois sur le blason ? Croix
14%
Le peuple gaulois qui l'occupe est celui des Ségusiaves
7%
L'évêché est créé en 1916
3%
Ville anglaise jumelée avec Saint-Etienne depuis 1955 Coventry
3%
Quel objet est présent deux fois sur le blason ? Palme
3%
Aucun quiz correspondant
Distribution des résultats
% des personnes avec chaque résultat
Percentile par nombre de réponses
Votre historique - résultats
Vous n’avez pas pris ce quiz